| 000 | 00762nam a2200205 a 4500 | ||
|---|---|---|---|
| 003 | MX-MxUPN | ||
| 005 | 20240612093921.0 | ||
| 008 | 991125s1899 mx a r 000 0 spa u | ||
| 035 | _aUPN01000034189 | ||
| 040 |
_aMX-MxUPN _bspa _cMX-MxUPN |
||
| 041 | 0 | _aspa | |
| 050 | 1 | 4 |
_aLB1573 M61 _bG64 |
| 100 | 1 |
_aGómez, Ricardo _950573 |
|
| 245 | 1 | 3 |
_aEl lector hispano-americano : _blibro primero de lectura |
| 260 |
_aMéxico : _bHerrero, _c1899 |
||
| 300 |
_a185 páginas : _bilustraciones |
||
| 500 | _a"Basado en las lecciones de cosas, con facsímiles de ellosy dibujos correspondientes, ejercicios de lenguaje y escritura, composiciones para recitar e instrucciones morales" | ||
| 650 | 4 |
_aLectura _xEstudio y enseñanza (Elemental) _92805 |
|
| 942 |
_2lcc _cLIBRO |
||
| 999 |
_c34189 _d34189 |
||